Loading...
| Science - Biology | 0 | 2 | 0 | 0 | 20 | 67 | 76.50 | 0 | 2 | 6.95 | 17.78 |
| Science - Chemistry | 0 | 1 | 0 | 0 | 10 | 91 | 91.00 | 0 | 1 | 2.89 | 4.44 |
| History - World | 0 | 1 | 0 | 0 | 10 | 69 | 69.00 | 0 | 1 | 4.61 | 8.89 |
| Mythology | 0 | 1 | 0 | 0 | 10 | 92 | 92.00 | 0 | 1 | 3.19 | 6.67 |
| Philosophy | 0 | 1 | 0 | 0 | 10 | 83 | 83.00 | 0 | 1 | 3.09 | 6.67 |
| History - American | 0 | 0 | 1 | 0 | -5 | 0.00 | 0 | 0 | 0.00 | 0.00 | |
| Fine Arts - Painting and Sculpture | 0 | 0 | 1 | 0 | -5 | 0.00 | 0 | 0 | 0.00 | 0.00 | |
| Popular Culture | 0 | 0 | 1 | 0 | -5 | 0.00 | 0 | 0 | 0.00 | 0.00 | |
| History - European | 0 | 0 | 1 | 0 | -5 | 0.00 | 0 | 0 | 0.00 | 0.00 | |
| Literature - World | 0 | 0 | 1 | 0 | -5 | 0.00 | 0 | 0 | 0.00 | 0.00 | |
| Religion | 0 | 0 | 2 | 0 | -10 | 0.00 | 0 | 0 | 0.00 | 0.00 |